000 00396nam a22001577a 4500
005 20251007154732.0
008 251007b |||||||| |||| 00| 0 eng d
020 _a978-93-48189-76-9
041 _aeng
082 _a294.592 3
100 _aCHATURVEDI, SATYADEV
_98703
245 _aGOSWAMI TULASIDAS AUR RAMKATHA
260 _aUTTAR PRADESH
_bAKSHAR PLANT
_c2024
300 _a216;P
942 _cBK
999 _c8883
_d8881